LEADER 00674nam0 2200229 450 001 000001096 005 20050630115300.0 100 $a--------d1977----km-y0itay50------ba 101 $aita 102 $aIT 200 1 $aDisciplina urbanistica$fVirgilio Testa 205 $a8. ed. rifatta e aggiornata con la L. 28.1.1977 n. 10 210 $aMilano$cGiuffrè$d1977 215 $aVIII, 1058 p.$d25 cm 610 1 $aUrbanistica$aLegislazione 676 $a711 700 1$aTesta,$bVirgilio$01994 801 0$aIT $bUNIPARTHENOPE $gRICA $2UNIMARC 912 $a000001096 951 $cNAVA1$a343-D/11$b21633$d20000324 996 $aDisciplina urbanistica$9107166 997 $aUNIPARTHENOPE LEADER 00932nam0-22003491i-450- 001 990003017790403321 005 20070725124238.0 010 $a0709931204 035 $a000301779 035 $aFED01000301779 035 $a(Aleph)000301779FED01 035 $a000301779 100 $a20030910d1987----km-y0itay50------ba 101 0 $aeng 102 $aIT 200 1 $a<>Battle for Britain's Gold Standard in 1931$fDiane B.Kunz. 210 $aLondon$aNew York$aSydney$cCroom Helm$d1987. 215 $aVIII, 207 p.$d21 cm 676 $aE/5 676 $aF/1.402 676 $aJ/5 676 $aO/2.112 702 1$aKunz,$bDiane B. 801 0$aIT$bUNINA$gRICA$2UNIMARC 901 $aBK 912 $a990003017790403321 952 $aF/1.402 KUN$b7038$fSES 952 $aSE 096.02.22-$b1560$fDECSE 959 $aSES 959 $aDECSE 996 $aBattle for Britain's Gold Standard in 1931$9467609 997 $aUNINA